=LDR 00000nam 2200000 4500 =001 INLIS000000000000285 =005 20150305143042.0 =006 =007 =008 Ind =035 ##$$0010-061300000000285 =041 ##$$a Ind =082 ##$$a 636.8 =090 ##$$a 636.8 Wid p =100 ##$$a Widodo, Wahyu =245 ##$$a Parkit / Wahyu Widodo =260 ##$$a Jakarta $b Penebar Swadaya $c 1997 =300 ##$$a vii, 49 hlm. : ilus. ; 21 cm =650 ##$$a Parkit (Burung) =650 ##$$a Pemeliharaan =850 ##$$a NBPNMAT